| 000 | 004470000a22001810004500 | ||
|---|---|---|---|
| 020 | _a0-87981-048-3 | ||
| 041 | 0 | _aENG | |
| 082 | 0 | 4 | _aG 261.835 V768g |
| 100 | 1 | _aVincent, M. O. | |
| 245 | 1 | 0 | _aGod sex and you / M. O. Vincent |
| 260 | _aPhiladelphia, PA., USA : Holman | ||
| 300 | _a165 Pag | ||
| 001 | 7007 | ||
| 942 | _cBK | ||
| 999 |
_c37245 _d37245 |
||
| 336 |
_atexto _btxt _2rdacontent |
||
| 337 |
_2rdamedia _asin mediación _bn |
||
| 338 |
_2rdacarrier _avolumen _bnc |
||